Manual de procedimiento penal

Saved in:
Bibliographic Details
Main Author: Silva Montes, Rodrigo (Author)
Format: Book
Language:Spanish
Published: Santiago Jurídica de Chile 2011
Edition:1a. ed
Series:Colección Manuales Jurídicos, 125
Subjects:
Tags: Add Tag
No Tags, Be the first to tag this record!

MARC

LEADER 00000nam a2200000 a 4500
001 UCG6912
003 CL-VaPUC
008 110526e20110400CL |||||||||||||||||spa|d
020 |a 9789561021037 
082 0 4 |a 345.8305  |b SIL  |2 21 
100 0 |a Silva Montes, Rodrigo  |e author  |9 557375 
245 1 0 |a Manual de procedimiento penal 
250 |a 1a. ed 
300 |a 248 p 
942 |c BK 
945 |d 20110526 00:00:00  |a jcampos 
260 |a Santiago  |b Jurídica de Chile  |c 2011 
650 0 |a Procedimiento penal  |9 254974 
650 7 |a GARANTIAS CONSTITUCIONALES  |2 CL-VaPUC  |9 557376 
650 0 |a Código procesal penal  |9 432657 
650 0 |a Juicio oral  |9 455093 
650 0 |a Nulidad procesal   |9 336734 
583 |a last modification  |c 20110526 00:00:00  |k Rodrigo Vera 
490 0 |a Colección Manuales Jurídicos, 125 
999 |c 345015  |d 345013 
952 |0 0  |1 0  |4 0  |6 345_830500000000000_SIL_2011  |7 0  |8 A  |9 443405  |a BIBDER  |b BIBDER  |d 2019-11-22  |i 4779657  |l 1  |o 345.8305 SIL 2011  |p 4779657  |r 2021-08-13  |s 2021-08-06  |w 2019-11-22  |y BK  |k DER